| 000 | 00336nam a2200109Ia 4500 | ||
|---|---|---|---|
| 008 | 230907s9999||||xx |||||||||||||| ||und|| | ||
| 082 |
_a621.31 _bIEC |
||
| 100 |
_aIEC Standards _9117978 |
||
| 245 | 0 | _aIEC 60270 ED. 3.0 B:2000, HIGH-VOLTAGE TEST TECHNIQUES - PARTIAL DISCHARGE MEASUREMENTS | |
| 260 |
_bIEC _c2019-09-13 |
||
| 942 |
_2ddc _cEB |
||
| 999 |
_c599832 _d599832 |
||